1083 1094 1217 1079 1297 1056 1762 1536 1590 1988 1126 1616 1527 1478 1768 1140 1184 1497 1643 1867 1598 1000 1550 1912 1080 1309 1978 1637 1757 1243 1621 1375 1618 1207 1447 1201 1998 1405 1737 1688 1214 1024 1923 1696 1776 1202 1322 1201 1449 1201 1482 1941 1603 1026 1662 1157 1712 1068 1843 1313 1703 1014 1093 1967 1625 1438 1570 1586 1725 1514 1327 1264 1854 1674 1096 1314 1503 1826 1545 1138 1960 1276 1956 1703 1475 1067 1888 1841 1664 1437 1501 1559 1080 1600 1176 1796 1315 1665 1936 BCNSPRNW ULIB Ver.6.0+V

เปลี่ยนเป็นภาษาไทย

Change to English
 แสดงรายละเอียดบรรณานุกรม
  กลับหน้าหลัก

Brief Record : Get Marc (ISO 2709) : E-mail record : QR code < ปิดหน้าต่าง
LEADER : 00000nam 2200000uu 4500
001    13399111767
003     ULIB
008    110627s2553||||th 000 0 tha d
020    9786160601295
090    นว.^bส731ค 2553
100 0  สิรินดา
245 00 ความรู้สึกดีที่เรียกว่ารัก : ลบรอยรัก/^cสิรินดา
250    พิมพ์ครั้งที่ 2
260    กรุงเทพฯ :^bแจ่มใส,^c2553
300    251 หน้า
945    ^p159^l0^i028061
995    ทศพร
999 ^a ใช้งานได้ทุกระบบ
รายการนี้ยังไม่มีแท็ก
คุณยังไม่ได้ล็อกอิน คุณสามารถมีกิจกรรมร่วมกับเว็บไซต์ได้ แต่ต้องล็อกอินก่อน ::
  ล็อกอิน

รายการสื่อสารสนเทศ

ลำดับที่ ประเภท เลขเรียก/บาร์โค้ด สถานที่ สถานะ
- ไม่พบข้อมูล -

รายการใกล้เคียง
    ผู้แต่ง [สิรินดา]

BibComment


ยังไม่เคยถูกคอมเมนท์

คอมเมนท์ทรัพยากรรายการนี้
  คอมเมนท์: ความรู้สึกดีที่เร..


 Copyright 2026. Bcnsprnw @Library